Name the smallest country in Asia A-Z - Statistics

General Stats
  • This quiz has been taken 49 times
  • The average score is 15 of 20
Answer Stats
Hint Answer % Correct
O Oman
93%
Q Qatar
93%
Y Yemen
93%
J Jordan
83%
A Armenia
80%
I Israel
78%
L Lebanon
78%
T Taiwan
78%
V Vietnam
78%
B Bahrain
76%
K Kuwait
76%
P Phillippines
76%
S Singapore
76%
G Georgia
73%
N North Korea
73%
E East Timor
71%
U United Arab Emirates
71%
R Russia
66%
M Maldives
63%
C Cyprus
61%
No matching quizzes found
Score Distribution
Percent of People with Each Score
Percentile by Number Answered
Your Score History
You have not taken this quiz